|
|
|
|
| LEADER |
00000cam a2200000 7i4500 |
| 001 |
0000004061 |
| 005 |
20050427.0 |
| 020 |
|
|
|a 0070158355
|
| 040 |
|
|
|a INS
|
| 090 |
0 |
0 |
|a RT58.6.
|b R42 1976
|
| 245 |
1 |
0 |
|a Readings in management information system
|c edited by Gordon B. Davis
|
| 260 |
|
|
|a New York, St. Luis :
|b McGraw-Hill ,
|c 1976
|
| 300 |
|
|
|a xii, 284p. :
|b ill ;
|c 28 cm.
|
| 500 |
|
|
|a Includes Bibliography McGraw-Hill series in management information system
|
| 650 |
0 |
0 |
|a Management information systems
|x addresses
|
| 700 |
1 |
|
|a Davis, Gordon Bittes
|
| 700 |
1 |
|
|a Everest, Gordon C.
|
| 999 |
|
|
|a 0000001993
|b BOOK
|c Reference
|e Default branch
|